Magic the Gathering: Alara Block Characters - Statistics

General Stats
  • This quiz has been taken 7 times
  • The average score is 12 of 20
Answer Stats
Picture Hint Answer % Correct
Shards of Alara Ajani Vengeant
100%
Conflux Nicol Bolas, Planeswalker
100%
Shards of Alara Tezzeret the Seeker
100%
Conflux Child of Alara
86%
Shards of Alara Elspeth, Knight-Errant
86%
Shards of Alara Sarkhan Vol
86%
Conflux Progenitus
71%
Alara Reborn Sen Triplets
71%
Alara Reborn Thraximundar
71%
Conflux Malfegor
57%
Shards of Alara Sharuum the Hegemon
57%
Shards of Alara Kresh the Bloodbraided
43%
Shards of Alara Rafiq of the Many
43%
Conflux Rakka Mar
43%
Conflux Gwafa Hazid, Profiteer
29%
Alara Reborn Jenara, Asura of War
29%
Alara Reborn Karrthus, Tyrant of Jund
29%
Shards of Alara Sedris, the Traitor King
29%
Alara Reborn Uril, the Miststalker
29%
Shards of Alara Mayael the Anima
14%
No matching quizzes found
Score Distribution
Percent of People with Each Score
Percentile by Number Answered
Your Score History
You have not taken this quiz